| 000 | 00932nam a22002297a 4500 | ||
|---|---|---|---|
| 999 |
_c6885 _d6885 |
||
| 003 | AR-CdUCM | ||
| 008 | 190319b ||||| |||| 00| 0 spa d | ||
| 040 |
_aMUNICIPALIDAD PROVINCIAL DEL CUSCO _cBIBLIOTECA MUNICIPAL DEL CUSCO |
||
| 082 |
_a631.4 / _bF77 |
||
| 100 |
_aFoth, H.D. _919399 |
||
| 245 | _aFundamentos de la ciencia del Suelo / | ||
| 260 |
_aMéxico : _bCentro Regional de ayuda Tecnica , _c1975. |
||
| 300 |
_a527 páginas ; _c23 cm. |
||
| 505 | _aContenido : L os conceptos del Suelo -- El suelo como un medio para el crecimiento de las plantas -- propiedades fisicas de los Suelos -- Estructura del Suelo --El agua del suelo -- Organismos del Suelo -- La materia Organica del Suelo... | ||
| 650 |
_aCiencias del Suelo _919400 |
||
| 650 |
_aMorfologia de Suelos _919401 |
||
| 650 |
_aEstudio de Suelos _96692 |
||
| 700 |
_aMillar, C.E. _919402 |
||
| 700 |
_aTurk L.M _919403 |
||
| 942 |
_2ddc _cLIBROS |
||
| 945 | _artm | ||